| 000 | 01243nam a2200313Ia 4500 | ||
|---|---|---|---|
| 001 | ebr10438083 | ||
| 003 | CaPaEBR | ||
| 006 | m u | ||
| 007 | cr cn||||||||| | ||
| 008 | 100619s2009 enka sb 000 0 eng d | ||
| 020 | _z9781905356805 | ||
| 020 | _z9781905356812 | ||
| 040 |
_aCaPaEBR _cCaPaEBR |
||
| 035 | _a(OCoLC)609854805 | ||
| 050 | 1 | 4 |
_aHD66 _b.C66 2009eb |
| 082 | 0 | 4 |
_a658.4/022 _222 |
| 100 | 1 | _aCook, Sarah. | |
| 245 | 1 | 0 |
_aBuilding a high-performance team _h[electronic resource] : _bproven techniques for effective team working / _cSarah Cook. |
| 260 |
_aEly, U.K. : _bIT Governance, _c2009. |
||
| 300 |
_a124 p. : _bill. |
||
| 490 | 0 | _aSofts skills for IT professionals | |
| 504 | _aIncludes bibliographical references. | ||
| 533 |
_aElectronic reproduction. _bPalo Alto, Calif. : _cebrary, _d2011. _nAvailable via World Wide Web. _nAccess may be limited to ebrary affiliated libraries. |
||
| 650 | 0 |
_aTeams in the workplace _xManagement. |
|
| 650 | 0 |
_aElectronic data processing departments _xManagement. |
|
| 655 | 7 |
_aElectronic books. _2local |
|
| 710 | 2 | _aebrary, Inc. | |
| 856 | 4 | 0 |
_uhttp://site.ebrary.com/lib/rucke/Doc?id=10438083 _zAn electronic book accessible through the World Wide Web; click to view |
| 999 |
_c243396 _d243396 |
||